Reexamining Socrates in the Apology /

Bibliographic Details
Other Authors: Fagan, Patricia, 1964-, Russon, John, 1960-
Format: Book
Language:English
Published: Evanston, Ill. : Northwestern University Press, [2009]
Series:Northwestern University topics in historical philosophy.
Subjects:

MARC

Tag First Indicator Second Indicator Subfields
LEADER 00000cam a22000004a 4500
001 in00002517421
005 20151111065950.0
008 090422s2009 ilu b 001 0 eng c
010 |a  2009016916 
020 |a 9780810125872 (pbk. : alk. paper) 
020 |a 0810125870 (pbk. : alk. paper) 
020 |a 9780810125865 (cloth : alk. paper) 
020 |a 0810125862 (cloth : alk. paper) 
029 1 |a BWX  |b R3798794 
029 1 |a BWX  |b R5799474 
029 1 |a CDX  |b 9510836 
029 1 |a CDX  |b 9510837 
035 |a (OCoLC)ocn290456294 
035 |a (OCoLC)290456294 
040 |a IEN/DLC  |c DLC  |d BTCTA  |d YDXCP  |d C#P  |d BWX  |d CDX  |d UtOrBLW 
042 |a pcc 
049 |a TXAM 
050 0 0 |a PA4279.A8  |b R44 2009 
082 0 0 |a 184  |2 22 
082 0 4 |a 880 
245 0 0 |a Reexamining Socrates in the Apology /  |c edited by Patricia Fagan and John Russon. 
264 1 |a Evanston, Ill. :  |b Northwestern University Press,  |c [2009] 
264 4 |c ©2009 
300 |a xxiv, 300 pages ;  |c 23 cm. 
336 |a text  |b txt  |2 rdacontent 
337 |a unmediated  |b n  |2 rdamedia 
338 |a volume  |b nc  |2 rdacarrier 
490 1 |a Topics in historical philosophy 
504 |a Includes bibliographical references and index. 
600 0 0 |a Plato.  |t Apology. 
600 0 0 |a Socrates. 
700 1 |a Fagan, Patricia,  |d 1964- 
700 1 |a Russon, John,  |d 1960- 
830 0 |a Northwestern University topics in historical philosophy. 
938 |a Baker and Taylor  |b BTCP  |n BK0008113651 
938 |a YBP Library Services  |b YANK  |n 3030871 
938 |a Blackwell Book Service  |b BBUS  |n R5799474  |c $34.95 
938 |a Coutts Information Services  |b COUT  |n 9510837  |c 34.95 USD 
945 |a PromptCat  |b 794643 
946 |a stk 
947 |a A14840161584 
994 |a 92  |b TXA 
999 |a MARS 
999 f f |s d0291999-b272-3ce6-bb6c-2a3ff9fa9c0a  |i fcfe689c-7af0-3df9-991c-b9f979b184df  |t 0 
952 f f |p normal  |a Texas A&M University  |b College Station  |c Sterling C. Evans Library  |d Evans: Library Stacks  |t 0  |e PA4279.A8 R44 2009  |h Library of Congress classification  |i unmediated -- volume  |m A14840161584 
998 f f |a PA4279.A8 R44 2009  |t 0  |l Evans: Library Stacks